000 00613cam a22002171 4500
001 278373
005 20180918040725.0
008 730515s1962 mauab b 000 0 eng
010 _a 62017228
040 _aDLC
_cDLC
_dDLC
041 _aeng
043 _an-us-ma
080 _a94
082 _a94
100 1 _a16
101 _aHIS
245 1 0 _aStreetcar suburbs:
504 _a"Bibliographical note": p. [187]-191. Bibliographical references included in "Notes" (p. [193]-203)
906 _a7
_bcbc
_corignew
_du
_eocip
_f19
_gy-gencatlg
942 _2ddc
_cBK
999 _c47880
_d47880